000 00773nam a22002177a 4500
999 _c18621
_d18621
003 AR-CdUCM
008 190514b ||||| |||| 00| 0 spa d
040 _aMUNICIPALIDAD PROVINCIAL DEL CUSCO
_cBIBLIOTECA MUNICIPAL DEL CUSCO
082 _a974.01 /
_bB64
100 _aBlom, Frans
_939317
245 _aLa vida de los Mayas /
260 _aMéxico :
_bSecretaria de Educación Pública.
300 _a90 páginas ;
_bilustraciones,
_c21 cm.
440 _aBiblioteca Enciclopédica Popular.
_n25
_939318
505 _aContenido: La vida de los Mayas -- Un día -- Una vida -- Las industrias -- Las diversiones -- Los gobernantes ...
650 _aMayas
_915288
650 _aHistoria
_9136
650 _aMéxico
_918
942 _2ddc
_cLIBROS
945 _aachl
_d2019-05-14